| 000 | 00632nam a2200265Ia 4500 | ||
|---|---|---|---|
| 008 | 160803s9999 xx 000 0 und d | ||
| 020 | _a9780590434980 | ||
| 100 | _aPaterson, Katherine | ||
| 245 | _aJacob have I loved / | ||
| 245 | _cKatherine Paterson. | ||
| 260 | _aNew York : | ||
| 260 | _bScholastic Inc. | ||
| 260 | _c1990 | ||
| 300 | _a244 pages ; | ||
| 300 | _c17 cm | ||
| 650 | _aChesapeake Bay Region (Md. and Va.) -- | ||
| 650 | _aSisters -- | ||
| 650 | _aSisters. | ||
| 650 | _aTwins | ||
| 650 | _aTwins -- | ||
| 650 | _xFiction. | ||
| 650 | _xFiction. | ||
| 650 | _xFiction. | ||
| 700 | _a880 | ||
| 999 |
_c298494 _d298494 |
||